000 00731nam a2200253Ia 4500
003 OSt
005 20221005075808.0
006 a|||||r|||| 00| 0
007 ta
008 221004b |||||||| |||| 00| 0 urd d
020 _a8175870389 (pbk)
_c69
024 _a21779
037 _b43703, 24/03/2015, Segment Book Distributors
_cTextual
040 _aCRL
_cCRL
_burd
041 _2urd
_aurd
082 _aNTxN36,KH, 168P3
100 _aGulzar
245 0 _aManzar nama
_b Khushboo
260 _aNew Delhi
_bNCPUL India
_c2003
300 _a137p.
_ccm.
650 _aARTS
942 _hNTxN36,KH, 168P3
_cTEXL
_2cc
999 _c985161
_d985161